[Event "FB1 2223 Schachfreunde Deizisau - FC Ba"]
[Site "?"]
[Date "2023.04.30"]
[Round "10.5"]
[White "Butenandt, Svenja"]
[Black "Nebolsina, Vera"]
[Result "1-0"]
[WhiteElo "2100"]
[BlackElo "2223"]
[PlyCount "49"]
[EventDate "2023.??.??"]

1. d4 g6 2. c4 Bg7 3. Nc3 d6 4. e4 Nc6 5. d5 Nd4 6. Be3 e5 7. Nge2 Nxe2 8. Bxe2 f5 9. exf5 Ne7 10. fxg6 hxg6 11. g4 Bd7 12. Qc2 c6 13. Bg5 Bh6 14. Bxe7 Kxe7 15. Qxg6 Qb6 16. Ne4 Qb4+ 17. Kf1 Raf8 18. a3 Qxb2 19. Qxd6+ Kd8 20. Rd1 Kc8 21. Nf6 Rd8 22. Nxd7 Rxd7 23. Qf6 Rf8 24. Qxh6 Rdf7 25. Qe3 1-0

[Event "FB1 2223 Schachfreunde Deizisau - FC Ba"]
[Site "?"]
[Date "2023.04.30"]
[Round "10.6"]
[White "Jelica, Mara"]
[Black "Dirmeier, Carolin"]
[Result "1/2-1/2"]
[WhiteElo "2064"]
[BlackElo "1928"]
[PlyCount "186"]
[EventDate "2023.??.??"]

1. e4 c5 2. Nf3 Nc6 3. d4 cxd4 4. Nxd4 Nf6 5. Nc3 e5 6. Ndb5 d6 7. Bg5 a6 8. Na3 b5 9. Nd5 Be7 10. Bxf6 Bxf6 11. c3 O-O 12. Nc2 Bg5 13. Be2 f5 14. exf5 Bxf5 15. Nce3 Bg6 16. O-O e4 17. Bh5 Bxh5 18. Qxh5 Ne5 19. a4 Rb8 20. axb5 Rxb5 21. Qe2 Bxe3 22. Nxe3 Qh4 23. f3 exf3 24. gxf3 Qf4 25. Kg2 Ng6 26. Qc4+ Qxc4 27. Nxc4 Nf4+ 28. Kh1 d5 29. Ne3 Rxb2 30. Rfb1 Rxb1+ 31. Rxb1 Rc8 32. Nd1 a5 33. Ra1 Rc5 34. h4 h6 35. Kh2 g5 36. hxg5 hxg5 37. Kg3 Kg7 38. Kf2 Kg6 39. Ke3 Kf6 40. Kd2 Ke5 41. Nf2 Kf5 42. Ng4 Ng6 43. Ra4 Ne7 44. Ne3+ Ke6 45. Rg4 Kf6 46. Rd4 Rb5 47. Kd3 Kg6 48. Kd2 Rb2+ 49. Ke1 Rb5 50. Kd2 Kf6 51. Kc2 Ke6 52. Rg4 Nf5 53. Ng2 Kf6 54. f4 gxf4 55. Rxf4 Ke5 56. Ra4 Rc5 57. Kd2 Nd6 58. Kd3 Nc4 59. Ra1 a4 60. Ne1 Ra5 61. Nf3+ Kd6 62. Nd4 Ra8 63. Nb5+ Kc5 64. Nc7 Ra7 65. Ne6+ Kd6 66. Nd4 Ne5+ 67. Kc2 Kc5 68. Rb1 a3 69. Rb5+ Kd6 70. Rb1 Ra8 71. Rb6+ Kd7 72. Rb5 Kd6 73. Rb6+ Kc7 74. Rb5 Nc4 75. Rc5+ Kd6 76. Rc6+ Kd7 77. Kb1 a2+ 78. Ka1 Ne5 79. Rh6 Nd3 80. Rh3 Nc5 81. Rh2 Ne4 82. Rxa2 Rxa2+ 83. Kxa2 Nxc3+ 84. Kb3 Ne4 85. Kc2 Kd6 86. Kd3 Nc5+ 87. Ke3 Na4 88. Kd3 Nb2+ 89. Ke3 Kc5 90. Nc2 Kc4 91. Kd2 Nd3 92. Ne3+ Kd4 93. Nxd5 Kxd5 1/2-1/2

[Event "FB1 2223 SV Hemer 1932 - SV 1957 Bad Kö"]
[Site "Bad Königshofen, Germany"]
[Date "2023.05.01"]
[Round "11.2"]
[White "Kucharska, Honorata"]
[Black "Maltsevskaya, Aleksandra"]
[Result "1/2-1/2"]
[WhiteElo "2173"]
[BlackElo "2410"]
[PlyCount "71"]
[EventDate "2023.??.??"]

1. e4 c6 2. d4 d5 3. exd5 cxd5 4. Bd3 Nc6 5. c3 Qc7 6. h3 e5 7. dxe5 Nxe5 8. Bb5+ Bd7 9. Bxd7+ Qxd7 10. Nf3 Nxf3+ 11. Qxf3 Nf6 12. O-O Be7 13. Be3 O-O 14. Nd2 a5 15. Bd4 Ra6 16. Rfd1 Rd8 17. Nf1 Ne4 18. Ng3 Nxg3 19. Qxg3 Rg6 20. Qf3 h6 21. Rd2 Re8 22. Be3 Rf6 23. Rxd5 Qe6 24. Qh5 Bd6 25. Rad1 Bf4 26. Bxf4 Rxf4 27. g3 Rf6 28. Rd6 Qxd6 29. Rxd6 Rxd6 30. Qxa5 Rd2 31. Qb6 Ree2 32. b4 Rxa2 33. c4 g6 34. Qd8+ Kh7 35. Qf6 Kg8 36. Qd8+ 1/2-1/2

[Event "FB1 2223 SV Hemer 1932 - SC 1957 Bad Kö"]
[Site "?"]
[Date "2023.05.01"]
[Round "11.4"]
[White "Trunz, Elena"]
[Black "Melamed, Tatjana"]
[Result "0-1"]
[WhiteElo "2123"]
[BlackElo "2328"]
[PlyCount "110"]
[EventDate "2023.??.??"]

1. e4 c5 2. Nc3 e6 3. g3 d5 4. Bg2 Nf6 5. e5 Nfd7 6. f4 Nc6 7. Nf3 Be7 8. O-O O-O 9. Kh1 Rb8 10. d3 b5 11. Ne2 f6 12. exf6 Nxf6 13. d4 Bd7 14. Be3 Qb6 15. c3 b4 16. cxb4 Qxb4 17. Rb1 Ne4 18. Qe1 Qa4 19. dxc5 Qxa2 20. b4 Nxb4 21. Rxb4 Rxb4 22. Qxb4 Qxe2 23. Re1 Qb5 24. Qxb5 Bxb5 25. Nd4 Bd7 26. c6 Bc8 27. Bh3 Kf7 28. Nf3 Bb4 29. Rc1 a5 30. Kg1 Ke7 31. Bd4 g6 32. Bf1 g5 33. Nxg5 Nxg5 34. fxg5 Kd6 35. Ba7 Kc7 36. Bd3 Rf7 37. Bd4 Bd6 38. g6 hxg6 39. Bxg6 Rf3 40. Kg2 Ra3 41. Be8 e5 42. Ba7 Ra2+ 43. Kg1 Bh3 44. Rd1 Rg2+ 45. Kh1 Rb2 46. Bd7 Bg2+ 47. Kg1 Bf3 48. Ra1 Bb4 49. Rc1 Bd2 50. Rf1 Rb3 51. Kf2 Be4 52. Kg1 d4 53. Rd1 Be3+ 54. Kf1 Rb2 55. Ra1 Rxh2 0-1

[Event "FB1 2223 SV Hemer 1932 - SC 1957 Bad Kö"]
[Site "?"]
[Date "2023.05.01"]
[Round "11.5"]
[White "Radeva, Viktoria"]
[Black "Dartmann Aubanell, Catriona"]
[Result "1-0"]
[WhiteElo "2278"]
[BlackElo "1872"]
[PlyCount "79"]
[EventDate "2023.??.??"]

1. e4 e6 2. d4 d5 3. e5 c5 4. c3 Nc6 5. Nf3 Bd7 6. Be2 Nge7 7. Na3 cxd4 8. cxd4 Nf5 9. Nc2 Be7 10. O-O O-O 11. Bd3 f6 12. Bxf5 exf5 13. Re1 Be8 14. Qd3 Bh5 15. e6 Qc7 16. Nh4 Bb4 17. Bd2 Bxd2 18. Qxd2 f4 19. Nb4 Nxb4 20. Qxb4 Rac8 21. Nf5 Qc4 22. Qxb7 Rc7 23. Ne7+ Rxe7 24. Qxe7 Qxd4 25. Qd7 f3 26. e7 Re8 27. Rad1 Qxb2 28. Qxd5+ Bf7 29. Qxf3 Qxa2 30. Rd8 Qa5 31. Red1 Qc5 32. Rxe8+ Bxe8 33. Qb3+ Kh8 34. Qe6 Qc2 35. Qd5 g6 36. h3 a5 37. Qd8 Kg7 38. Qxe8 Qxd1+ 39. Kh2 Qd6+ 40. g3 1-0

[Event "FB1 2223 SV Hemer 1932 - SC 1957 Bad Kö"]
[Site "?"]
[Date "2023.05.01"]
[Round "11.6"]
[White "Trunz, Michelle"]
[Black "Schoene, Maria"]
[Result "1-0"]
[WhiteElo "2039"]
[BlackElo "2188"]
[PlyCount "70"]
[EventDate "2023.??.??"]

1. d4 Nf6 2. c4 g6 3. Nc3 Bg7 4. e4 d6 5. h3 O-O 6. Nf3 e5 7. d5 a5 8. Bg5 Na6 9. a3 Bd7 10. Rb1 Nc5 11. b4 axb4 12. axb4 Na4 13. Nxa4 Rxa4 14. Bd3 Qa8 15. O-O Nh5 16. c5 Re8 17. Qc1 Ra3 18. Rd1 Rc8 19. Ne1 Bf8 20. Nc2 Ra4 21. g4 Nf4 22. Bxf4 exf4 23. Qxf4 dxc5 24. Bc4 Be8 25. e5 cxb4 26. Bb3 Ra5 27. d6 cxd6 28. exd6 Qb8 29. d7 Qxf4 30. dxc8=Q Bc6 31. Rd8 Qe4 32. Rxf8+ Kg7 33. Rxf7+ Kh6 34. Qf8+ Kg5 35. Qd8+ Kh6 1-0

[Event "FB1 2223 SG Solingen - SV Medizin Erfur"]
[Site "?"]
[Date "2023.05.01"]
[Round "11.1"]
[White "Nguyen, Ha Thanh"]
[Black "Van Foreest, Machteld"]
[Result "0-1"]
[WhiteElo "1976"]
[BlackElo "2299"]
[PlyCount "98"]
[EventDate "2023.??.??"]

1. e4 e6 2. d4 d5 3. Nd2 c5 4. c3 Nc6 5. Ngf3 cxd4 6. cxd4 Qb6 7. exd5 exd5 8. Qb3 Nf6 9. Bb5 Bd6 10. O-O O-O 11. Qd3 Nb4 12. Qe2 Nc2 13. Rb1 Nxd4 14. Nxd4 Qxd4 15. Nf3 Qg4 16. Be3 Bf5 17. Rbd1 Be4 18. h3 Qh5 19. Rfe1 a6 20. Ba4 Rac8 21. Rc1 b5 22. Bc2 Rfe8 23. Bd3 Rcd8 24. a4 bxa4 25. Bxa6 Bxf3 26. Qxf3 Qe5 27. g3 Qxb2 28. Rb1 Qa3 29. Qf5 Qc3 30. Rec1 Qe5 31. Qxe5 Re7 32. Qe6 Rxe6 33. Bd4 Re4 34. Bxf6 gxf6 35. Bb7 Rd4 36. Ra1 a3 37. Bc8 Rd2 38. Bf5 Be5 39. Rxa3 Bb2 40. Rac3 Bxc3 41. Rxc3 d4 42. Rd3 Rxd3 43. Bxd3 Re8 44. Kf1 Re5 45. Kg2 h6 46. Kf3 Kf8 47. h4 Ke7 48. Kf4 Kd6 49. g4 Kc5 0-1

[Event "FB1 2223 SG Solingen - SV Medizin Erfur"]
[Site "?"]
[Date "2023.05.01"]
[Round "11.2"]
[White "Zozulia, Anna"]
[Black "Reuter, Elisa"]
[Result "1-0"]
[WhiteElo "2238"]
[BlackElo "1944"]
[PlyCount "55"]
[EventDate "2023.??.??"]

1. e4 c5 2. Nf3 Nc6 3. d4 cxd4 4. Nxd4 g6 5. Nc3 Bg7 6. Be3 Nf6 7. Nb3 d6 8. Be2 O-O 9. O-O a5 10. a4 Be6 11. f4 Bxb3 12. cxb3 Nd7 13. Bc4 Nb6 14. Bb5 Nd7 15. Kh1 Rc8 16. Rc1 Nb4 17. Qe2 Nc5 18. Bc4 Kh8 19. Rf3 b6 20. Rh3 e6 21. Rd1 Qe7 22. Bd4 e5 23. Be3 f5 24. exf5 Rxf5 25. Qg4 Qe8 26. Rxd6 exf4 27. Rxg6 Qf8 28. Rxg7 1-0

[Event "FB1 2223 SG Solingen - SV Medizin Erfur"]
[Site "?"]
[Date "2023.05.01"]
[Round "11.3"]
[White "Mueller-Ludwig, Kristin"]
[Black "Bashylina, Luisa"]
[Result "0-1"]
[WhiteElo "2021"]
[BlackElo "2094"]
[PlyCount "52"]
[EventDate "2023.??.??"]

1. e4 c5 2. Nf3 d6 3. d4 cxd4 4. Nxd4 Nf6 5. Nc3 a6 6. Be3 e5 7. Nf3 Be7 8. h3 b5 9. Nd5 Nbd7 10. a4 bxa4 11. Rxa4 O-O 12. Nxe7+ Qxe7 13. Qa1 d5 14. exd5 Nxd5 15. Qa3 Qf6 16. Be2 Nxe3 17. Qxe3 Bb7 18. O-O e4 19. Nd4 Nb6 20. Ra5 Rfe8 21. c3 Nd5 22. Qg3 Rac8 23. Rfa1 e3 24. fxe3 Rxe3 25. Qf2 Qg6 26. Rxd5 Bxd5 0-1

[Event "FB1 2223 SG Solingen - SV Medizin Erfur"]
[Site "?"]
[Date "2023.05.01"]
[Round "11.4"]
[White "Muedder, Melanie"]
[Black "Anisheva, Varvara"]
[Result "1/2-1/2"]
[WhiteElo "1860"]
[BlackElo "2078"]
[PlyCount "139"]
[EventDate "2023.??.??"]

1. e4 c5 2. Nf3 Nc6 3. d4 cxd4 4. Nxd4 Qc7 5. Nc3 e6 6. Qd3 a6 7. Nxc6 bxc6 8. Qg3 Qxg3 9. hxg3 d5 10. Na4 Rb8 11. exd5 cxd5 12. Bf4 Rb4 13. b3 e5 14. Bd2 Rb8 15. c4 Nf6 16. cxd5 Nxd5 17. Bc4 Nc7 18. O-O Bd6 19. Rad1 Ke7 20. Ba5 Ne6 21. Nb6 Bb7 22. Rfe1 h5 23. Bxe6 Kxe6 24. Nc4 Bd5 25. Rxd5 Kxd5 26. Rd1+ Ke6 27. Rxd6+ Kf5 28. Ne3+ Kg5 29. Bd2 f6 30. Nc4+ Kf5 31. Rxa6 h4 32. gxh4 Rxh4 33. g3 Rh7 34. Kg2 Ke4 35. Rd6 Kf5 36. f3 Re8 37. a4 g5 38. Bc3 Rhe7 39. Ne3+ Kg6 40. Nc4 Kg7 41. f4 gxf4 42. gxf4 Kf7 43. fxe5 fxe5 44. Nxe5+ Rxe5 45. Bxe5 Rxe5 46. Kf3 Rh5 47. Ke4 Ke7 48. Rd5 Rh3 49. Rd3 Rh5 50. Rd4 Rh3 51. Rd3 Rh5 52. Kd4 Kd7 53. Kc4+ Kc7 54. b4 Rh4+ 55. Rd4 Rh5 56. Rd5 Rh7 57. a5 Kb7 58. Kb5 Ka7 59. a6 Rh1 60. Rd7+ Ka8 61. Kc6 Rh6+ 62. Rd6 Rh8 63. Kc7 Rh5 64. Kb6 Rh8 65. a7 Rg8 66. b5 Rh8 67. Kc7 Rh7+ 68. Rd7 Rh6 69. Kc8 Rc6+ 70. bxc6 1/2-1/2

[Event "FB1 2223 SG Solingen - SV Medizin Erfur"]
[Site "?"]
[Date "2023.05.01"]
[Round "11.5"]
[White "Troyke, Doreen"]
[Black "Rudolph, Eva"]
[Result "1-0"]
[WhiteElo "1969"]
[BlackElo "1802"]
[PlyCount "59"]
[EventDate "2023.??.??"]

1. c4 e5 2. g3 Nc6 3. Bg2 f5 4. d3 Nf6 5. Nc3 Bb4 6. Bd2 d6 7. e3 O-O 8. Nge2 Qe8 9. O-O Qh5 10. Nd5 Bxd2 11. Qxd2 f4 12. exf4 Bh3 13. Nxf6+ Rxf6 14. Bxh3 Qxh3 15. f3 Raf8 16. d4 Kh8 17. Rae1 Qh6 18. Qd3 g5 19. fxe5 dxe5 20. d5 Ne7 21. Nc3 Ng6 22. Ne4 Rf5 23. Nc5 Qh3 24. Ne6 Rg8 25. Nxc7 Nh4 26. Qe2 Rgf8 27. gxh4 gxh4 28. Ne6 Rg8+ 29. Kh1 Rf6 30. Rg1 1-0

[Event "FB1 2223 SG Solingen - SV Medizin Erfur"]
[Site "?"]
[Date "2023.05.01"]
[Round "11.6"]
[White "Sereda, Yaroslava"]
[Black "Ulrich, Helena Irene"]
[Result "1-0"]
[WhiteElo "1890"]
[BlackElo "1609"]
[PlyCount "209"]
[EventDate "2023.??.??"]

1. e4 c5 2. Nf3 Nc6 3. d4 cxd4 4. Nxd4 Nf6 5. Nc3 e5 6. Ndb5 d6 7. Nd5 Nxd5 8. exd5 Ne7 9. c4 Ng6 10. Qa4 Bd7 11. Qb4 Qb8 12. Be3 a6 13. Nc3 a5 14. Qb3 a4 15. Qb4 Be7 16. Be2 O-O 17. O-O f5 18. f3 f4 19. Bf2 Nh4 20. Bd1 Qe8 21. Ne4 Qg6 22. Bxh4 Bxh4 23. Qxd6 Qxd6 24. Nxd6 b6 25. Be2 Rfd8 26. Rac1 Be7 27. Ne4 Bf5 28. Nf2 Bc5 29. a3 Bd4 30. Ra1 Bxb2 31. Ra2 Bd4 32. Rd1 Rac8 33. g4 Bg6 34. Kg2 Kf8 35. Nh3 h6 36. Nxf4 Bf7 37. Nd3 b5 38. Nb4 bxc4 39. Nc6 Rd6 40. Nxd4 exd4 41. Rxd4 Bxd5 42. Kf2 Ke7 43. Rc2 Bf7 44. Re4+ Kd7 45. Rf4 Be6 46. Bxc4 Bxc4 47. Rfxc4 Rxc4 48. Rxc4 Ra6 49. Rb4 Ke6 50. Ke3 Ra5 51. f4 Kf6 52. Kd4 Ke6 53. Rb6+ Kf7 54. Kc4 Ra7 55. Kb5 Rd7 56. Kxa4 Rd2 57. Rb4 Rxh2 58. Kb5 Ra2 59. a4 Ke7 60. a5 Kd7 61. Kb6 Rc2 62. Rd4+ Kc8 63. Rd5 Rb2+ 64. Rb5 Ra2 65. Rc5+ Kb8 66. Rf5 Rb2+ 67. Ka6 Kc8 68. Rf8+ Kc7 69. Rf7+ Kc8 70. Rxg7 Rf2 71. Rf7 Rg2 72. Rg7 Rf2 73. f5 h5 74. gxh5 Rxf5 75. Rg8+ Kc7 76. Rh8 Rf6+ 77. Ka7 Kc6 78. h6 Kb5 79. Rb8+ Kxa5 80. h7 Rf7+ 81. Rb7 Rf8 82. Re7 Kb5 83. Kb7 Kc5 84. Kc7 Kd5 85. Kd7 Ra8 86. Rg7 Ra7+ 87. Ke8 Rxg7 88. h8=Q Rg5 89. Kd7 Re5 90. Qa8+ Kd4 91. Kd6 Re3 92. Qa4+ Kd3 93. Kd5 Kd2 94. Qa2+ Kd3 95. Qc4+ Kd2 96. Kd4 Re2 97. Qc3+ Kd1 98. Qf3 Ke1 99. Qg3+ Kf1 100. Qf3+ Rf2 101. Qh1+ Ke2 102. Ke4 Kd2 103. Qb1 Ke2 104. Qc1 Rf3 105. Qc2+ 1-0

[Event "FB1 2223 Hamburger SK - SV Weißblau All"]
[Site "?"]
[Date "2023.05.01"]
[Round "11.2"]
[White "Roebers, Eline"]
[Black "Jaracz, Barbara"]
[Result "1-0"]
[WhiteElo "2363"]
[BlackElo "2178"]
[PlyCount "77"]
[EventDate "2023.??.??"]

1. e4 e5 2. Nf3 Nc6 3. Bb5 a6 4. Ba4 Nf6 5. O-O Be7 6. Re1 b5 7. Bb3 d6 8. c3 O-O 9. h3 Bb7 10. d4 h6 11. Nbd2 Re8 12. Nf1 Bf8 13. Ng3 g6 14. Bc2 Bg7 15. Bd2 Nb8 16. Qc1 Kh7 17. Bd3 Nbd7 18. a4 c6 19. Qc2 Qc7 20. Be3 Nb6 21. b3 Nbd7 22. Rad1 Rad8 23. dxe5 dxe5 24. Rd2 Bf8 25. b4 Nb6 26. a5 Na4 27. Qb3 c5 28. c4 Bc6 29. Rc1 Kg7 30. cxb5 axb5 31. bxc5 Qxa5 32. Bxh6+ Kxh6 33. Qxf7 Bg7 34. Nh4 Kh7 35. Qxg6+ Kh8 36. Ngf5 Qc7 37. Nd6 Rf8 38. Bxb5 Bxb5 39. Nxb5 1-0

[Event "FB1 2223 Hamburger SK - SV Weißblau All"]
[Site "?"]
[Date "2023.05.01"]
[Round "11.3"]
[White "Wagenschuetz, Evelyn"]
[Black "Gaal, Zsoka"]
[Result "1/2-1/2"]
[WhiteElo "2089"]
[BlackElo "2308"]
[PlyCount "62"]
[EventDate "2023.??.??"]

1. e4 c6 2. d4 d5 3. Nd2 dxe4 4. Nxe4 Nf6 5. Nxf6+ exf6 6. c3 Bd6 7. Bd3 O-O 8. Qc2 Re8+ 9. Ne2 h5 10. O-O h4 11. h3 Nd7 12. Bd2 Nf8 13. Rae1 Bc7 14. f4 g6 15. f5 g5 16. c4 Rb8 17. b4 b6 18. c5 a5 19. a3 axb4 20. axb4 bxc5 21. bxc5 Ra8 22. Bc4 Ba6 23. Bxa6 Rxa6 24. Qc4 Ra7 25. Rf3 Bb8 26. Re3 Rxe3 27. Bxe3 Re7 28. Bf2 Qc7 29. Qc3 Re4 30. Qf3 Qe7 31. Kf1 Qe8 1/2-1/2

[Event "FB1 2223 Hamburger SK - SV Weißblau All"]
[Site "?"]
[Date "2023.05.01"]
[Round "11.4"]
[White "Genova, Lyubka"]
[Black "Kunze, Kerstin"]
[Result "1-0"]
[WhiteElo "2239"]
[BlackElo "2004"]
[PlyCount "39"]
[EventDate "2023.??.??"]

1. e4 c5 2. Nf3 Nc6 3. Bb5 Nf6 4. e5 Nd5 5. O-O e6 6. Bxc6 dxc6 7. d3 Be7 8. Nbd2 O-O 9. Ne4 f5 10. exf6 gxf6 11. Re1 e5 12. Ng3 Bd6 13. Nh4 Ne7 14. Bh6 Rf7 15. Qh5 Be6 16. f4 exf4 17. Rxe6 fxg3 18. Qg4+ Kh8 19. Rxf6 gxh2+ 20. Kh1 1-0

[Event "FB1 2223 Hamburger SK - SV Weißblau All"]
[Site "?"]
[Date "2023.05.01"]
[Round "11.5"]
[White "Daemering, Katrin"]
[Black "Rogozenco, Teodora"]
[Result "0-1"]
[WhiteElo "1955"]
[BlackElo "1933"]
[PlyCount "93"]
[EventDate "2023.??.??"]

1. e4 e5 2. Nf3 Nc6 3. Bc4 Bc5 4. O-O Nf6 5. c3 O-O 6. d4 Bb6 7. dxe5 Nxe4 8. Bd5 Nc5 9. Bg5 Qe8 10. Re1 Ne7 11. Bc4 Ne6 12. Nbd2 Nf5 13. Qc2 d5 14. Bxd5 Nxg5 15. Nxg5 Qd8 16. Bxf7+ Rxf7 17. Nxf7 Kxf7 18. Nf3 Be6 19. Rad1 Qe7 20. Qe4 c6 21. Qf4 Kg8 22. Ng5 Rf8 23. Ne4 Qc7 24. Ng5 Bd5 25. c4 Nh6 26. Qxf8+ Kxf8 27. cxd5 Qe7 28. Nxh7+ Kg8 29. d6 Qh4 30. g3 Qh5 31. d7 Kxh7 32. d8=Q Bxd8 33. Rxd8 Ng4 34. h4 Nxe5 35. Re3 Qf5 36. Kg2 Ng4 37. Re2 c5 38. f3 Ne5 39. Rf2 c4 40. Rd5 Qf6 41. Rb5 b6 42. a4 a6 43. Rd5 Kg8 44. Rdd2 Qc6 45. a5 b5 46. Rd4 b4 47. Re4 0-1

[Event "FB1 2223 Hamburger SK - SV Weißblau All"]
[Site "?"]
[Date "2023.05.01"]
[Round "11.6"]
[White "Wulf, Constanze"]
[Black "Just, Anita"]
[Result "0-1"]
[WhiteElo "1838"]
[BlackElo "1902"]
[PlyCount "92"]
[EventDate "2023.??.??"]

1. d4 e6 2. Nf3 f5 3. Bg5 Nf6 4. Nbd2 Be7 5. Bxf6 Bxf6 6. e4 fxe4 7. Nxe4 b6 8. Bd3 Bb7 9. Qe2 O-O 10. c3 d6 11. O-O-O Nd7 12. h4 Qe7 13. g4 g6 14. g5 Bg7 15. h5 Qf7 16. Nh4 gxh5 17. g6 Qf4+ 18. Kb1 h6 19. Rdg1 Bxe4 20. Bxe4 d5 21. Bf3 Rae8 22. Bxh5 Qxf2 23. Rf1 Qxe2 24. Bxe2 Rxf1+ 25. Rxf1 Rf8 26. Rxf8+ Kxf8 27. Bg4 Ke7 28. Kc2 Kf6 29. Bh3 Nf8 30. Kd2 Kg5 31. Ng2 Kxg6 32. Nf4+ Kf6 33. Ke3 Ke7 34. Nh5 Bf6 35. Ng3 Bg5+ 36. Kd3 Ng6 37. Nh5 Kd6 38. b3 e5 39. dxe5+ Nxe5+ 40. Ke2 c5 41. Ng7 Ng6 42. Bf5 Nf4+ 43. Kf3 Ke5 44. Bc8 Nd3 45. a3 Nc1 46. b4 c4 0-1

[Event "FB1 2223 TuRa Harksheide  - Rodewischer"]
[Site "?"]
[Date "2023.05.01"]
[Round "11.1"]
[White "Sieber, Fiona"]
[Black "Antolak, Julia"]
[Result "1/2-1/2"]
[WhiteElo "2221"]
[BlackElo "2288"]
[PlyCount "35"]
[EventDate "2023.??.??"]

1. e4 e5 2. Nf3 Nc6 3. Bb5 a6 4. Ba4 Nf6 5. O-O Be7 6. Re1 b5 7. Bb3 O-O 8. a4 Bb7 9. d3 d6 10. c3 Na5 11. Ba2 c5 12. Bg5 h6 13. Bxf6 Bxf6 14. Nbd2 Re8 15. Nf1 d5 16. exd5 Bxd5 17. Bxd5 Qxd5 18. Re4 1/2-1/2

[Event "FB1 2223 TuRa Harksheide  - Rodewischer"]
[Site "?"]
[Date "2023.05.01"]
[Round "11.2"]
[White "Unuk, Laura"]
[Black "Lubbe, Melanie"]
[Result "1/2-1/2"]
[WhiteElo "2322"]
[BlackElo "2246"]
[PlyCount "25"]
[EventDate "2023.??.??"]

1. d4 Nf6 2. c4 g6 3. Nf3 Bg7 4. g3 O-O 5. Bg2 d6 6. Nc3 c6 7. e4 Qb6 8. O-O Bg4 9. Qd3 Nfd7 10. Na4 Qa6 11. b3 c5 12. Bb2 Bxf3 13. Bxf3 1/2-1/2

[Event "FB1 2223 TuRa Harksheide  - Rodewischer"]
[Site "?"]
[Date "2023.05.01"]
[Round "11.3"]
[White "Movsesian, Julia"]
[Black "Brandt, Carina"]
[Result "1/2-1/2"]
[WhiteElo "2239"]
[BlackElo "2066"]
[PlyCount "72"]
[EventDate "2023.??.??"]

1. e4 e6 2. d4 d5 3. Nc3 Bb4 4. exd5 exd5 5. Qf3 Nc6 6. Bb5 Nge7 7. Nge2 O-O 8. Bd2 Bf5 9. O-O-O a6 10. Bd3 Bxd3 11. Qxd3 Na5 12. a3 Bxc3 13. Bxc3 Nc4 14. h4 Re8 15. h5 b5 16. b3 Nd6 17. Ng3 Qd7 18. Qf3 Ndf5 19. h6 g6 20. Bb4 Nxg3 21. fxg3 Qf5 22. Qc3 a5 23. Bxa5 Ra6 24. Rdf1 Qg5+ 25. Kb2 Rc6 26. Qd3 Nf5 27. Bd2 Qxg3 28. Re1 Ra8 29. Rh3 Qxd3 30. Rxd3 Rca6 31. Bf4 Rxa3 32. g4 Ra2+ 33. Kc3 b4+ 34. Kxb4 Rxc2 35. gxf5 Rb8+ 36. Ka3 Ra8+ 1/2-1/2

[Event "FB1 2223 TuRa Harksheide  - Rodewischer"]
[Site "?"]
[Date "2023.05.01"]
[Round "11.4"]
[White "Waechter, Nathalie"]
[Black "Sliwicka, Alicja"]
[Result "0-1"]
[WhiteElo "1998"]
[BlackElo "2311"]
[PlyCount "68"]
[EventDate "2023.??.??"]

1. d4 Nf6 2. c4 g6 3. Nc3 d5 4. e3 Bg7 5. cxd5 Nxd5 6. Bc4 Nb6 7. Qb3 Nxc4 8. Qxc4 O-O 9. Nf3 Nc6 10. O-O Bd7 11. h3 Rc8 12. Rd1 Na5 13. Qb4 b6 14. Ne4 Bc6 15. d5 Ba8 16. Qe1 c6 17. d6 c5 18. dxe7 Qxe7 19. Nc3 Bxf3 20. gxf3 Nc4 21. e4 Rfd8 22. Rd5 Ne5 23. Kg2 Nd3 24. Qf1 c4 25. Bg5 f6 26. Rxd8+ Rxd8 27. Be3 f5 28. exf5 gxf5 29. Rd1 Rd6 30. Qh1 Rg6+ 31. Kh2 Nxb2 32. Nd5 Qf7 33. f4 Nxd1 34. Qxd1 Rd6 0-1

[Event "FB1 2223 TuRa Harksheide  - Rodewischer"]
[Site "?"]
[Date "2023.05.01"]
[Round "11.5"]
[White "Hagarova, Zuzana"]
[Black "Koehler, Inken"]
[Result "1-0"]
[WhiteElo "2287"]
[BlackElo "2018"]
[PlyCount "91"]
[EventDate "2023.??.??"]

1. e4 d6 2. d4 Nf6 3. Nc3 Nbd7 4. Nf3 e5 5. Bc4 Be7 6. O-O O-O 7. Re1 c6 8. a4 h6 9. a5 Re8 10. b3 Bf8 11. Bb2 b5 12. axb6 Qxb6 13. h3 Bb7 14. dxe5 Nxe5 15. Nxe5 dxe5 16. Qf3 Rad8 17. Na4 Qc7 18. Qe3 Bc8 19. Bc3 Nd7 20. Qf3 Nb6 21. Ba5 Be6 22. Bxe6 Rxe6 23. Qe3 c5 24. Nc3 Qc6 25. Bxb6 axb6 26. Ra7 c4 27. Nd5 cxb3 28. cxb3 Bc5 29. Qf3 Rd7 30. Rea1 Re8 31. Nf6+ Qxf6 32. Rxd7 Qxf3 33. gxf3 g6 34. Raa7 Rf8 35. Kg2 Kg7 36. Rab7 g5 37. h4 gxh4 38. f4 exf4 39. e5 Kg6 40. b4 h3+ 41. Kxh3 Bxf2 42. Kg4 h5+ 43. Kxf4 h4 44. Kg4 h3 45. Kxh3 f6 46. Kg2 1-0

[Event "FB1 2223 TuRa Harksheide  - Rodewischer"]
[Site "?"]
[Date "2023.05.01"]
[Round "11.6"]
[White "Rosmait, Emily"]
[Black "Kanakova, Natalie"]
[Result "1/2-1/2"]
[WhiteElo "1872"]
[BlackElo "2167"]
[PlyCount "73"]
[EventDate "2023.??.??"]

1. e4 c5 2. Nf3 Nc6 3. Bb5 Nf6 4. O-O Nxe4 5. Re1 Nd6 6. Bf1 e6 7. d4 cxd4 8. Nxd4 Be7 9. c4 b6 10. Nc3 O-O 11. Bf4 Bb7 12. Nf3 Ne8 13. h4 d6 14. Bg5 h6 15. Bxe7 Nxe7 16. g4 d5 17. g5 dxc4 18. Ne5 Nd5 19. Qg4 hxg5 20. hxg5 Nec7 21. Rad1 Qe8 22. Ne4 Qe7 23. g6 fxg6 24. Nxg6 Qf7 25. Nxf8 Rxf8 26. Bxc4 b5 27. Bb3 a5 28. Rd2 Qe7 29. Ng5 Rf6 30. Bc2 Nf4 31. Bh7+ Kh8 32. Be4 Ncd5 33. Rc1 Kg8 34. Bh7+ Kf8 35. Be4 Kg8 36. Bh7+ Kf8 37. Be4 1/2-1/2

[Event "FB1 2223 FC Bayern München - OSG Baden-"]
[Site "?"]
[Date "2023.05.01"]
[Round "11.1"]
[White "Muzychuk, Mariya"]
[Black "Exler, Veronika"]
[Result "1-0"]
[WhiteElo "2515"]
[BlackElo "2160"]
[PlyCount "187"]
[EventDate "2023.??.??"]

1. d4 d5 2. c4 e6 3. Nc3 Bb4 4. Nf3 Nf6 5. Bg5 h6 6. Bxf6 Qxf6 7. e3 O-O 8. Rc1 c6 9. Qb3 Bxc3+ 10. Qxc3 Nd7 11. cxd5 exd5 12. Bd3 Nb6 13. Qc2 Be6 14. O-O Nc8 15. Ne5 Nd6 16. f3 Rfc8 17. Qc3 Qd8 18. Bb1 f6 19. Ng6 Bf5 20. Bxf5 Nxf5 21. Qd3 Ne7 22. Nf4 Qd6 23. Rc2 Kh8 24. g3 Rd8 25. Re1 f5 26. Qb3 Rab8 27. Nd3 Ng6 28. Kf2 Re8 29. Qc3 Re7 30. b4 a6 31. a4 Ra8 32. Rb2 Rae8 33. Rbe2 Kh7 34. Qc5 Qxc5 35. bxc5 Nf8 36. Rb2 Ne6 37. Reb1 Nd8 38. Ne5 Rc7 39. h4 h5 40. Ke2 Ree7 41. Kd2 Nf7 42. Nd3 Nd8 43. Nf4 Kh6 44. Rb6 Rcd7 45. Rg1 Ne6 46. Nd3 Rc7 47. Rg2 Kh7 48. Rb1 Rf7 49. Kc3 Rce7 50. Re1 Nd8 51. Nf4 g6 52. Rge2 Ne6 53. Nd3 Nd8 54. e4 fxe4 55. fxe4 Rxe4 56. Rxe4 dxe4 57. Rxe4 Kg7 58. Nf4 Rd7 59. Re8 Nf7 60. Re6 Nh8 61. Kd3 Kf7 62. Ke4 Rd5 63. Rd6 Rxd6 64. cxd6 Ke8 65. d5 Kd7 66. dxc6+ Kxc6 67. Ke5 Nf7+ 68. Kf6 Nxd6 69. Kxg6 Ne4 70. Nxh5 b5 71. axb5+ axb5 72. Kf5 Kd5 73. Nf4+ Kd4 74. Ne2+ Ke3 75. h5 b4 76. h6 b3 77. Nd4 Nxg3+ 78. Kg6 Kxd4 79. h7 Kd3 80. h8=Q Ne4 81. Qb2 Kc4 82. Kf5 Nc5 83. Qa3 Nd3 84. Ke4 Nb4 85. Qc1+ Nc2 86. Qb2 Nb4 87. Ke3 Nc2+ 88. Kd2 Kb4 89. Qe5 Ka3 90. Kc3 Ka2 91. Qa5+ Kb1 92. Kxb3 Nd4+ 93. Kc4 Nc2 94. Kc3 1-0

[Event "FB1 2223 FC Bayern München - OSG Baden-"]
[Site "?"]
[Date "2023.05.01"]
[Round "11.2"]
[White "Butenandt, Svenja"]
[Black "Muzychuk, Anna"]
[Result "0-1"]
[WhiteElo "2135"]
[BlackElo "2504"]
[PlyCount "92"]
[EventDate "2023.??.??"]

1. d4 e6 2. c4 b6 3. a3 Bb7 4. Nc3 Nf6 5. d5 Bd6 6. Nf3 exd5 7. cxd5 O-O 8. g3 c6 9. dxc6 dxc6 10. Bg2 Qe7 11. O-O Rd8 12. Qc2 c5 13. Nh4 Bxg2 14. Kxg2 Be5 15. Bg5 Nc6 16. Nf3 h6 17. Nxe5 Qxe5 18. Bxf6 Qxf6 19. e3 Ne5 20. Qe4 Nd3 21. Nd5 Qe6 22. Qxd3 Rxd5 23. Qe2 Rad8 24. Rfd1 Qe4+ 25. Kg1 c4 26. Rxd5 Rxd5 27. Rd1 Rd3 28. Rxd3 cxd3 29. Qd2 Qc4 30. Kf1 Qd5 31. Kg1 Qb3 32. Kf1 Qc2 33. Ke1 Qb1+ 34. Qd1 d2+ 35. Kxd2 Qxb2+ 36. Qc2 Qxa3 37. Qc8+ Qf8 38. Qc7 Qb4+ 39. Kd3 Qb3+ 40. Kd2 a5 41. h4 Qb2+ 42. Kd3 Qb3+ 43. Kd2 a4 44. h5 Qd5+ 45. Ke1 Qa5+ 46. Kf1 Qa8 0-1